Statistics for 5 Biggest Semitic Languages

Click here to take the quiz!

General Stats

  • This quiz has been taken 106 times
  • The average score is 3 of 5

Answer Stats

Native speakersLanguage% Correct
300 millionArabic
99%
~5 millionHebrew
96%
22 millionAmharic
64%
7 millionTigrinya
34%
~1.05 millionTigre
23%

Score Distribution

Percentile by Number Answered

Percent of People with Each Score

Your Score History

You have not taken this quiz